Especially for the single woman. (Record no. 14780)

000 -LEADER
fixed length control field 00534nam a2200181 a 4500
001 - CONTROL NUMBER
control field :::00012614$&:&@@
003 - CONTROL NUMBER IDENTIFIER
control field OkBaRHE
005 - DATE AND TIME OF LATEST TRANSACTION
control field 20000607103421.0
008 - FIXED-LENGTH DATA ELEMENTS--GENERAL INFORMATION
fixed length control field s1979 j 000 0 eng u
040 ## - CATALOGING SOURCE
Transcribing agency
100 1# - MAIN ENTRY--PERSONAL NAME
Personal name Pratt, Yvonne Karen.
245 10 - TITLE STATEMENT
Title Especially for the single woman.
260 ## - PUBLICATION, DISTRIBUTION, ETC. (IMPRINT)
Place of publication, distribution, etc Cleveland, TN., :
Name of publisher, distributor, etc Pathway Press
Date of publication, distribution, etc c1979
300 ## - PHYSICAL DESCRIPTION
Extent 31 p. ;
Dimensions 20 cm.
650 ## - SUBJECT ADDED ENTRY--TOPICAL TERM
Topical term or geographic name as entry element Single Women
942 ## - ADDED ENTRY ELEMENTS (KOHA)
Source of classification or shelving scheme
Koha item type Books
Copies
Koha item type Price effective from Damaged status Not for loan Copy number Barcode Full call number Lost status Date acquired Withdrawn status Shelving location Source of classification or shelving scheme Permanent Location Date last seen
Books2010-04-14  112614HQ 800 .P7 2010-04-14 General Stacks RHEMA Bible Training College2010-04-14